000 00558nam a2200181Ia 4500
008 151018s9999 xx 000 0 und d
082 _bRBASDV31121
_a891.463
100 _aचारुशीला भिडे
245 _aप्रकाश किरण
250 _b1
260 _bदेविका
_c1999
300 _a171
600 _aचारुशीला भिडे
630 _aप्रकाश किरण
700 _aचारुशीला भिडे
730 _aप्रकाश किरण
942 _cBOOK
999 _c1030656
_d1030653